Ballon d‘Or 2025 - Statistiken

Allgemein
  • Dieses Quiz wurde 27 mal gespielt
  • Das Durchschnittsergebnis liegt bei 14 aus 30
Antwortstatistiken
Platzierung Spieler % Korrekt
1 Ousmane Dembele
100%
2 Lamine Yamal
92%
3 Vitinha
88%
5 Raphinha
76%
4 Mohamed Salah
72%
30 Michael Olise
64%
6 Achraf Hakimi
60%
13 Harry Kane
60%
11 Pedri
56%
29 Florian Wirtz
52%
10 Nuno Mendes
52%
8 Cole Palmer
48%
9 Gianluigi Donnarumma
48%
7 Kylian Mbappe
48%
26 Erling Haaland
44%
16 Vinicius Junior
44%
20 Lautaro Martinez
40%
14 Desire Doue
32%
23 Jude Bellingham
32%
17 Robert Lewandowski
32%
15 Viktor Gyökeres
32%
27 Declan Rice
28%
12 Khvicha Kvaratskhelia
28%
21 Serhou Guirassy
28%
25 Denzel Dumfries
20%
19 Joao Neves
20%
22 Alexis Mac Allister
16%
24 Fabian Ruiz
16%
28 Virgil van Dijk
16%
18 Scott McTominay
12%
Keine übereinstimmenden Quizze gefunden
Verteilung der Resultate
Anzahl Personen mit jedem Resultat
Perzentil nach korrekt beantworteten Fragen
Ihre Resultats-Entwicklung
Sie haben dieses Quiz noch nicht gespielt